Verbreitung der deutschen Sprache - Statistiken

Allgemein
  • Dieses Quiz wurde 458 mal gespielt
  • Das Durchschnittsergebnis liegt bei 15 aus 20
Antwortstatistiken
Platz Land Anteil Anzahl % Korrekt
2. Österreich 88.6% 7.901.000
100%
1. Deutschland 90,1% 75.000.000
99%
3. Schweiz 62,5% 5.398.000
99%
11. Belgien 0,7% 81.000
94%
16. Liechtenstein 94,5% 36.000
94%
19. Luxemburg 2,3% 15.000
93%
9. Polen 1,3% 493.000
92%
5. Vereinigte Staaten von Amerika 0,6% 1.977.000
92%
10. Italien 0,5% 298.000
90%
17. Dänemark 0,5% 29.000
87%
15 Tschechien 0,5% 53.000
87%
4. Russland 1,5% 2.162.000
83%
8. Kanada 1,3% 494.000
80%
6. Brasilien 0,5% 1.063.000
66%
13. Ungarn 0,7% 68.000
62%
18. Namibia 0,9% 23.000
57%
12. Rumänien 0,4% 77.000
47%
7. Kasachstan 3,1% 581.000
28%
14. Paraguay 0,9% 64.000
19%
20. Belize 3,3% 13.000
4%
Keine übereinstimmenden Quizze gefunden
Verteilung der Resultate
Anzahl Personen mit jedem Resultat
Perzentil nach korrekt beantworteten Fragen
Ihre Resultats-Entwicklung
Sie haben dieses Quiz noch nicht gespielt